000 00306nam a22001337a 4500
008 171124b xxu||||| |||| 00| 0 eng d
020 _a9780813343594
041 _aeng
080 _22ND
_a32
100 _a19
101 _aPOL
245 _aTHEORIES OF THE POLICY PROCESS
_cSABATIER,P,A
942 _2udc
_cBK
999 _c38481
_d38481